Music Quiz

Random Music or Rock Quiz

Heavy Metal Bands by Picture (Slideshow) Quiz Stats

Quiz not verified by Sporcle

Challenge
Share
Tweet
Score 0/124 Timer 20:00
0 Plays Today
% Correct
Kiss
89.6%
Metallica
86.9%
Black Sabbath
86%
Slipknot
82.3%
Motorhead
79.6%
Guns 'N Roses
78.2%
Megadeth
75.9%
Anthrax
75.4%
Korn
74.5%
Judas Priest
73.9%
Pantera
73.7%
Slayer
73.3%
Iron Maiden
70.8%
Alice Cooper
67.4%
System of a Down
66.1%
Gwar
62.4%
Rage Against the Machine
61.2%
Dio
59.9%
Twisted Sister
59.4%
Rammstein
56.5%
Led Zeppelin
56.5%
Van Halen
55.9%
AC/DC
55%
Black Label Society
51.9%
Testament
51.5%
Nightwish
50.9%
King Diamond
50.5%
Venom
50.2%
Motley Crue
50%
Children of Bodom
49.8%
Rainbow
48.4%
Cradle of Filth
47.4%
Disturbed
46.1%
Cannibal Corpse
46.1%
Skid Row
45%
Immortal
44.8%
Dream Theater
44.6%
Mercyful Fate
44.2%
Sepultura
43.8%
Dragonforce
43.7%
Scorpions
42.3%
Manowar
41.8%
% Correct
Deep Purple
41.6%
White Zombie
40.9%
Death
40.9%
Burzum
40.6%
Mastodon
39.7%
Whitesnake
39.5%
Amon Amarth
38.4%
Type O Negative
38.2%
Dimmu Borgir
36.9%
Behemoth
36.6%
Lamb of God
35.6%
Alestorm
35.4%
Avenged Sevenfold
35%
Poison
34.9%
Static-X
34.4%
Queensryche
34.3%
Opeth
34.2%
Trivium
33.9%
Quiet Riot
33.4%
Kreator
32.8%
Deftones
32.7%
Def Leppard
31%
Saxon
30.3%
Killswitch Engage
30.1%
Napalm Death
30%
Ozzy Osbourne
29.9%
Faith No More
29.9%
Machinehead
29.7%
Alice in Chains
29.2%
Meshuggah
28.3%
Gorgoroth
27.1%
Marilyn Manson
26.9%
Accept
25.7%
Celtic Frost
25.2%
Mayhem
24.4%
Helloween
23.5%
Candlemass
23.4%
Hammerfall
23%
Kamelot
23%
Tool
22.4%
Darkthrone
22.2%
Exodus
21.4%
% Correct
Ministry
20.9%
Morbid Angel
20.8%
Ratt
20.4%
In Flames
20.3%
Overkill
20%
Raven
19.8%
Bathory
19.4%
Blind Guardian
19.1%
Crimson Glory
18.5%
Iced Earth
18.2%
Primus
18.1%
Suffocation
17.2%
Rage
16.8%
Carcass
16.7%
Gamma Ray
16.6%
Municipal Waste
15.8%
Grave Digger
14.2%
Warrant
14%
Savatage
13.4%
Annihilator
13.3%
Obituary
12.9%
Deicide
12%
Symphony X
12%
Entombed
10.2%
Possessed
9.7%
Atheist
9.1%
Katatonia
9%
Voivod
8.5%
Breaking Benjamin
8%
Diamond Head
7.7%
Pig Destroyer
7.5%
Baroness
6.3%
Necrophagist
6.1%
Fates Warning
5.8%
Moonsorrow
5.6%
Exciter
5.5%
Exhorder
5.1%
Pestilence
4.9%
Isis
4.7%
Metal Church
4.5%

You're not logged in!

Compare scores with friends on all Sporcle quizzes.
Sign Up with Email
OR
Log In

You Might Also Like...

Show Comments

Extras

Top Quizzes Today


Score Distribution

Your Account Isn't Verified!

In order to create a playlist on Sporcle, you need to verify the email address you used during registration. Go to your Sporcle Settings to finish the process.